| 000 | 00500 a2200169 4500 | ||
|---|---|---|---|
| 003 | OSt | ||
| 005 | 20240109141434.0 | ||
| 008 | 240109b |||||||| |||| 00| 0 eng d | ||
| 020 | _a9789382581086 | ||
| 040 | _coclc | ||
| 082 |
_a297 _bAKB/Q |
||
| 100 |
_aAkbar, M M _92026 |
||
| 245 |
_aQur'an thiruthalukalilatha grantham vimarshanakalkkellam marupadi / _cM M Akbar |
||
| 260 |
_aKerala: _bDa'wa books, _c2020. |
||
| 300 | _a209p | ||
| 942 |
_2ddc _cBK _h297 _iAKB/Q _k297 _mAKB/Q |
||
| 999 |
_c43102 _d43102 |
||